Top 10 des banques en France - Statistiques

Statistiques générales
  • Ce quiz a été pris 351 fois
  • Le résultat moyen est 6 sur 10
Statistiques - réponses
Rang Banque % Correct
1 Crédit agricole
97%
6 BNP Paribas
82%
3 Caisse d'Épargne
71%
2 Crédit Mutuel
69%
7 Société Générale
67%
8 LCL
63%
4 Banque Populaire
56%
5 Banque Postale
39%
10 HSBC France
21%
9 Crédit Coopératif
5%
Aucun quiz correspondant
Distribution des résultats
% des personnes avec chaque résultat
Percentile par nombre de réponses
Votre historique - résultats
Vous n’avez pas pris ce quiz